LEADER 01714nam a2200349 i 4500 001 991001855809707536 008 121016s2011 riua b 100 0 eng d 020 $a9780821853016 035 $ab1408157x-39ule_inst 040 $aDip.to Matematica e Fisica$beng 082 00$a616.075701515357$223 084 $aAMS 35-XX 084 $aAMS 35R30 084 $aAMS 45Q05 084 $aAMS 65M32 084 $aLC RC78.7.T6I576 111 2 $aInternational Workshop on Mathematical Methods in Emerging Modalities of Medical Imaging$d<2009 :$cBanff, Alta.>$0477637 245 10$aTomography and inverse transport theory :$bInternational Workshop on Mathematical Methods in Emerging Modalities of Medical Imaging, October 25-30, 2009, Banff, Canada : International Workshop on Inverse Transport Theory and Tomography, May 16-21, 2010, Banff, Canada /$cGuillaume Bal ... [et al.], editors 260 $aProvidence, R.I. :$bAmerican Mathematical Society,$cc2011 300 $axii, 180 p. :$bill. (some col.) ;$c26 cm 440 0$aContemporary mathematics,$x0271-4132 ;$v559 504 $aIncludes bibliographical references 650 0$aGeometric tomography$vCongresses 650 0$aInverse problems (Differential equations)$vCongresses 650 0$aTransport theory$vCongresses 700 1 $aBal, Guillaume$eauthor$4http://id.loc.gov/vocabulary/relators/aut$0732216 907 $a.b1408157x$b13-11-12$c16-10-12 912 $a991001855809707536 945 $aLE013 35-XX BAL11 (2011)$g1$i2013000217260$lle013$op$pE68.00$q-$rl$s- $t0$u0$v0$w0$x0$y.i15455932$z12-11-12 996 $aTomography and inverse transport theory$91442588 997 $aUNISALENTO 998 $ale013$b16-10-12$cm$da $e-$feng$griu$h0$i0 LEADER 01490nam 2200409 450 001 9910376556103321 005 20230807211844.0 010 $a1-4503-3988-3 035 $a(CKB)3710000000729999 035 $a(WaSeSS)IndRDA00104340 035 $a(EXLCZ)993710000000729999 100 $a20180905d2015 uy 0 101 0 $aeng 135 $aur||||||||||| 181 $ctxt$2rdacontent 182 $cc$2rdamedia 183 $acr$2rdacarrier 200 00$aERM4CT '15 $eproceedings of the International Workshop on Emotion Representations and Modelling for Companion Technologies : November 13, 2015, Seattle, Washington, USA /$fsponsored by ACM SIGCHI 210 1$aNew York :$cACM,$d2015. 215 $a1 online resource (40 pages) 300 $aIncludes index. 517 1 $aEmotion Representations and Modelling for Companion Technologies 2015 517 1 $aProceedings of the International Workshop on Emotion Representations and Modelling for Companion Technologies 606 $aHuman-computer interaction$vCongresses 606 $aEmotions$xComputer simulation$vCongresses 606 $aPattern recognition systems$vCongresses 615 0$aHuman-computer interaction 615 0$aEmotions$xComputer simulation 615 0$aPattern recognition systems 676 $a004.019 712 02$aSIGCHI (Group : U.S.), 801 0$bWaSeSS 801 1$bWaSeSS 906 $aBOOK 912 $a9910376556103321 996 $aERM4CT '15$91980961 997 $aUNINA